Observaciones pacíficas sobre la potestad eclesiastica / (Record no. 151464)

MARC details
000 -LEADER
campo de control de longitud fija 00764nam a2200181 i 4500
001 - NÚMERO DE CONTROL
campo de control 151464
003 - IDENTIFICADOR DE NÚMERO DE CONTROL
campo de control ES-MaACL
005 - FECHA Y HORA DE LA ÚLTIMA TRANSACCIÓN
campo de control 20250730063133.0
008 - DATOS DE LONGITUD FIJA--INFORMACIÓN GENERAL
campo de control de longitud fija 931025m18171822sp |||| | spa d
100 2# - ENTRADA PRINCIPAL--NOMBRE DE PERSONA
Nombre de persona Amat de Palou y Pont, Félix,
Fechas asociadas al nombre 1750-1824
9 (RLIN) 125652
245 10 - MENCIÓN DEL TÍTULO
Título Observaciones pacíficas sobre la potestad eclesiastica /
Mención de responsabilidad, etc. dadas á luz por Macario Padua Melato.
260 ## - PUBLICACIÓN, DISTRIBUCIÓN, ETC.
Lugar de publicación, distribución, etc. Barcelona :
Nombre del editor, distribuidor, etc. [s.n.],
Fecha de publicación, distribución, etc. 1817-1822 (
Fabricante Imprenta de Tecla Pla Viuda, administrada por Vicente Verdaguer)
300 ## - DESCRIPCIÓN FÍSICA
Extensión 3 v. (318; 547; 456, 30 p., [16] f.) ;
Dimensiones 22 cm.
594 ## - Nota al título y mención de responsabilidad
Nota al título y mención de responsabilidad Macario Padua Melató es seud. de Félix Amat de Palau y Pont.
852 ## - LOCALIZACIÓN
Ubicación ES-MaACL
Número de control de estantería C-3796
Nota libre -- Enc. hol.
condición física -- Sólo T. I
Nota libre .- Donativo Bosch
942 ## - ELEMENTOS DE ENTRADA SECUNDARIOS (KOHA)
Fuente del sistema de clasificación o colocación Clasificación decimal universal
Holdings
Estatus retirado Estado de pérdida Estado de daño No para préstamo Colección Biblioteca de origen Biblioteca actual Ubicación en estantería Fecha de adquisición Fuente de adquisición Total de préstamos Signatura topográfica completa Código de barras Visto por última vez Precio de reemplazo Tipo de ítem Koha
        Libros del s. XIX Biblioteca del Ateneo de Madrid Biblioteca del Ateneo de Madrid Sala Palomar 17/01/2008     C-3796 1158035 23/02/2023 23/02/2023 Libro impreso antiguo